000
00249nam a2200097Ia 4500
001
702998
005
20250826162343.0
008
250824s9999 xx 000 0 und d
245
0
_a
YAŞLI ADAM VE DENİZ
_c
ERNEST HEMİNGWAY
260
_b
BİLGİ YAYINLARI
999
_c
702998
_d
702998